A CONCISE TB OF EAR, NOSE AND THROAT (Record no. 15432)

MARC details
000 -LEADER
fixed length control field 00324nam a22001457a 4500
003 - CONTROL NUMBER IDENTIFIER
control field SGT
020 ## - INTERNATIONAL STANDARD BOOK NUMBER
International Standard Book Number 978-93-7473-614-2
082 ## - DEWEY DECIMAL CLASSIFICATION NUMBER
Classification number 617.51
Item number C18S
100 ## - MAIN ENTRY--PERSONAL NAME
Personal name SWAIN, SANTOSH
245 ## - TITLE STATEMENT
Title A CONCISE TB OF EAR, NOSE AND THROAT
260 ## - PUBLICATION, DISTRIBUTION, ETC. (IMPRINT)
Place of publication, distribution, etc INDIA
Name of publisher, distributor, etc AITBS
Year of Publication 2018
300 ## - PAGE DESCRIPTION
No. of Pages 345
650 ## - SUBJECT ADDED ENTRY--TOPICAL TERM
Topical term or geographic name as entry element ENT
942 ## - ADDED ENTRY ELEMENTS (KOHA)
Source of classification or shelving scheme Dewey Decimal Classification
Koha item type Books
942 ## - ADDED ENTRY ELEMENTS (KOHA)
-- 6
Holdings
Withdrawn status Lost status Source of classification or shelving scheme Damaged status Not for loan Collection code Home library Current library Shelving location Date acquired Vendor Name Cost, normal purchase price SGTU Bill Number Total Checkouts Full call number Accession No. (Barcode) Date last seen Date last borrowed Bill Date Koha item type
    Dewey Decimal Classification     MEDICAL SGT Medical Library SGT Medical Library Text Book 06/04/2018 ABC 995.00 SGTU 9529 11 617.51 C18S FM10562 05/06/2025 29/05/2025 26/03/201 Books
    Dewey Decimal Classification     MEDICAL SGT Medical Library SGT Medical Library Text Book 06/04/2018 ABC 995.00 SGTU 9529   617.51 C18S FM10563 06/04/2018   26/03/201 Books